00820nam a22002297a 45000050016000000100014000160200026000300350013000560370013000690820014000821000023000962450067001192600040001862700061002263000030002875000050003176500040003677000009004079420028004169990017004449520129004612010080306446.0 aENG-97925 a9788178311876c650.00 aEN-81458 bDBAD/PUB a338.10951 aB. R. Deepak95410 aChina agriculture, countryside and peasants /cby B. R. Deepak aNew DelhibManak Publicationsc2010 aB-7, Saraswati Complex, Subhash ChowkbNew Delhie110092 axviii, 181 p. c24cm (Hb) aIncludes bibliographical references and index aAgricuture vEconomic aspects95411 94162 2ddccENh338.10951mBRD c39032d39032 001040718NFICaDBADbDBADd2010-08-03g650.00l0o338.10951 BRDpEN-81458r2010-08-03 00:00:00t1v650.00w2010-08-03yEN